WWE Smackdown - 2001: Wrestlers by Year - Statistics

General Stats
  • This quiz has been taken 139 times
  • The average score is 47 of 79
Answer Stats
First Match Wrestler % Correct
January 4 The Undertaker
94%
January 4 The Rock
92%
January 4 Kane
91%
January 4 Stone Cold Steve Austin
91%
February 1 Triple H
91%
January 4 Kurt Angle
86%
January 11 Edge
84%
January 4 Chris Jericho
83%
January 11 Christian
83%
January 4 Chris Benoit
81%
January 4 Matt Hardy
81%
February 22 Eddie Guerrero
80%
January 11 Jeff Hardy
80%
January 4 D-Von Dudley
79%
January 4 Lita
79%
March 29 Trish Stratus
79%
July 5 Booker T
78%
January 4 Bubba Ray Dudley
78%
July 12 Shane McMahon
77%
June 7 Vince McMahon
76%
April 12 Spike Dudley
75%
January 4 Test
75%
January 25 The Big Show
75%
February 15 X-Pac
74%
July 19 Rob Van Dam
73%
October 25 Chavo Guerrero Jr.
72%
January 4 Billy Gunn
71%
April 12 Chyna
68%
January 18 Hardcore Holly
68%
March 1 Molly Holly
68%
January 4 Rikishi
68%
January 25 Crash Holly
67%
March 15 Albert
66%
January 18 Bradshaw
66%
January 18 Faarooq
66%
February 8 Raven
66%
March 29 Rhyno
64%
January 25 Tazz
64%
July 5 Diamond Dallas Page
63%
June 28 Scotty 2 Hotty
62%
March 8 Dean Malenko
61%
January 4 The Goodfather
61%
January 4 Val Venis
61%
February 22 William Regal
61%
February 1 Ivory
60%
February 8 Al Snow
59%
July 12 Lance Storm
59%
July 19 Torrie Wilson
59%
January 4 Perry Saturn
58%
July 5 Hurricane Helms
57%
March 15 Grandmaster Sexay
53%
April 5 Steven Richards
53%
January 4 Bull Buchanan
49%
June 14 Tajiri
49%
October 4 Stacy Keibler
48%
July 5 Billy Kidman
46%
January 18 Jacqueline
45%
October 25 Tommy Dreamer
45%
January 18 Steve Blackman
44%
July 26 Chris Kanyon
43%
August 2 Chuck Palumbo
43%
October 4 Maven
43%
July 12 Mike Awesome
40%
January 11 K-Kwik
39%
December 27 Boss Man
38%
March 15 Justin Credible
38%
April 12 Funaki
37%
August 16 Shawn Stasiak
36%
September 20 Brian Adams
33%
January 4 Terri
33%
July 19 Sean O'Haire
32%
April 12 Taka Michinoku
30%
February 1 Haku
29%
February 8 The Kat
29%
September 20 Bryan Clarke
27%
August 9 Hugh Morrus
20%
May 3 Jerry Lynn
17%
October 4 Nick Patrick
9%
October 4 Mike Chioda
6%
No matching quizzes found
Score Distribution
Percent of People with Each Score
Percentile by Number Answered
Your Score History
You have not taken this quiz